III- Lavoisier Ultimate Quiz - Statistics

General Stats
  • This quiz has been taken 12 times
    5 since last reset
  • The average score is 46 of 49
Answer Stats
Clue Answer % Correct
Number of Students 47
100%
Bhengs. The Past. Aibby Rafon
100%
Class President. Queen of Foreheads Alexandrea Mae Gallo
100%
Favorite classmate natin. Boy Pick-up Allan Talisaysay Jr.
100%
Babe ko. Si PBB nung 2nd Year. Carenn Castillo
100%
Small na ang height, small pa ang eyes. Member ng Totsxcz Charlene Capua
100%
Hari ng Height, at hari ng sangkatutak na crushes. Pero si Cherry pa din <3 Chris Alvin Alaurin
100%
Queen of Arts. Best in Drafting. Shortest Name. CJ Emperado
100%
Chick Boy ng Lavo. Papa Dam David Andrew Morelo
100%
EJT for short. May dugong bughaw. Erine Joy Tolentino
100%
Former Ms. Violet. Dating Timer. Joke XD Geneva Malicdem
100%
Mai in Jumemai. Yun Lang xD Jamaica Tala-tala
100%
Bhengs. Sexy Accountant Jamie Toledo
100%
Chixxters. Maganda sana, yung baba lang talaga. Jeno Yuhh Jaymee Jan Ventulan
100%
Pinaka-bayolenteng babae. Jen in Jenicsx Jenny Morano
100%
^Love interest nito. Hari ng Gitara at Hari ng Putol na String. Si Jeje nila. Jherald de Mesa
100%
Pinakapogi sa room (Wag nang kumontra) Quiz Creator. Perfect Guy John Mel Dacaymat
100%
^Love Interest. King of Sleeping John Patrick Morales
100%
^Love Interest. Mr. Killer Smile John Rich Alcantara
100%
^Love Interest. Class Top 2. 5'6 Joshua Indaya
100%
Hari ng Kaweirduhan. 90 percent ng post sa page ay post niya. Gamer/Symphatic Lover. Judd Denmark Debil
100%
GSP Leader. Pinakamalandi sa room. Shoklet. Julian Remoto Jr.
100%
Ms. Intrams 2012-2013. Ju in Jumemai Justine Amor Guiling
100%
Si Tatang. Lolo ng buong Lavo. Kelroy Francisco
100%
Pinakatahimik sa room. Or, pinakamahina ang boses. Pinakabaliw din. Kamag-anak daw ni Honesto Kimgelica Grace Ching
100%
Pinaka talented sa Lavo. OSCAR's Award Winner for 5 times. Ma. Pamela Mae Cadano
100%
Totsxcz, Malaki ang kaniyang hinaharap, Maria Cristina Sapad
100%
Ultimate Otaku. Page Creator. Marvin Matias
100%
Sudoku Master. Me in Jumemai Mary Ann Domdom
100%
Class Top 4. Huwag niyo yang aawayin. Mary Joyce Montallana
100%
Nicx in Jenicx. Mama Nicx. Nicha Mae Dapsan
100%
Class Top 3. Best in Science, Tsaka, malaki din yung bahay nila xD Nisa Tamayo
100%
Queen of ilong. Most likeable din sa babae :) Pia Marie Gilo
100%
Pinakapayatot sa Girlfriends. E-Guiling Mo. Risha Escalera
100%
Chixxters. TKK. Pinakamadrama sa room. Nagluluksa sa Parol Ronalyn Gonzales
100%
Singer ng Lavo. This Girl is on Fwaaayar ! Sheila Mae Geron
100%
^Best friend niyang Maganda. Ms. Junior. Donnalyn Bartolome Twila Shane Amano
100%
Bunganga ng Lavo. Na-awkward kay Sir Cabs, Maka-OPO lang kasi, Vergilyn de Leon
100%
Mr, Rich Kid. Super-Galante, Emilio Aguinaldo King. Eddie Jones Obligado
75%
Baby ng Lavo. Paris. GM Queen Francelyn Marie Baluis
75%
Bhengs din. Pinakamaliit sa room. GM Queen din. Hanna Joy Mendoza
75%
GSP Member. Kapatid sa INC. Jhon Virgel Elizaga
75%
Pinakabayolenteng Lalaki, Mukhang bakla pero ang da moves niya \m/ John Renze Gelua
75%
Pangalawa sa pinakapogi sa room. (Sorry ka, ako gumawa eh). Pinakamalanding lalaki. Hari ng MU. Wag nga lang yuyuko, XD Kevin Christian Javate
75%
Sexy-tary. Member of GSP Mark Ledif Castro
75%
Si Double D. Marlon Edd Madronio
75%
Class Adviser :D Approachable at Hot. Mrs. Dolores Alcantara
75%
^Former Loveteam. Loves NSYNC and Other Boy Bands Darline Mae Pendon
50%
Favorite ni Sir Cabs. Dating Pagibig ni Javate Siazil Dadap
50%
No matching quizzes found
Score Distribution
Percent of People with Each Score
Percentile by Number Answered
Your Score History
You have not taken this quiz since the last reset